The Continuing world economic crisis. Part I
Uloženo v:
| Korporativní autor: | |
|---|---|
| Médium: | Text |
| Vydáno: |
s.l.:
United Nations Publications
|
| Tagy: |
Přidat tag
Žádné tagy, Buďte první, kdo vytvoří štítek k tomuto záznamu!
|
MARC
| LEADER | 00000 a a2200000 04500 | ||
|---|---|---|---|
| 001 | 22302 | ||
| 003 | |||
| 040 | |||
| 090 | |a 151500 | ||
| 110 | |a United Nations | ||
| 245 | |a The Continuing world economic crisis. Part I | ||
| 260 | |a s.l.: |b United Nations Publications | ||
| 300 | |a 104 p. | ||
| 999 | |c 12994 |d 12994 | ||
